000 00518nam a22001817a 4500
008 151116b xxu||||| |||| 00| 0 eng d
020 _a0139131612
041 0 _aeng
080 _a327
245 0 4 _aThe theory and practice of international relations /
_cedited by William Clinton Olson.
250 _a8th ed.
260 _aEnglewood Cliffs, N.J. :
_bPrentice-Hall,
_c1991.
300 _a406 f. ;
_c24 cm.
650 0 _aMarrëdhëniet
650 0 _aNdërkombëtare
700 1 _aOlson, William C.
942 _2udc
_cBK
999 _c1359
_d1359